Негаснущий костер. Разведчики недр в поэзии: стихи

Podrobná bibliografie
Další autoři: Власюк В. И. (составитель)
Shrnutí:В сборник пошли стихи о первопроходцах - разведчиках недр, которые охватывают значительный период истории нашего Отечества - от первых пятилеток и до наших дней. Это стихи и профессиональных поэтов и поэтов - любителей, связавших свою судьбу с профессией геолога, о нелегком труде первооткрывателей, их рабочих буднях и быте лирических раздумьях. Сборник издан по инициативе Российского геологического общества при содействии "Роскомнедра".
Jazyk:ruština
Vydáno: Москва, Геоинформмарк, 1995
Témata:
Médium: MixedMaterials Kniha
KOHA link:https://koha.lib.tpu.ru/cgi-bin/koha/opac-detail.pl?biblionumber=673211

MARC

LEADER 00000nam0a2200000 4500
001 673211
005 20241030122939.0
010 |a 5-900357-02-3 
090 |a 673211 
100 |a 20240620d1995 m||y0rusy50 ca 
101 0 |a rus 
102 |a RU 
105 |a y z 000gy 
181 0 |a i   |b  e  
182 0 |a n 
183 0 |a nc  |2 RDAcarrier 
200 1 |a Негаснущий костер. Разведчики недр в поэзии  |e стихи  |f сост. В. И. Власюк 
203 |a Текст  |b визуальный  |c непосредственный 
210 |a Москва  |c Геоинформмарк  |d 1995 
215 |a 330 с. 
283 |a volume  |2 RDAcarrier 
316 |5 63413507: КР-7861  |a На титульном листе дарственная надпись: "Виктору Григорьевичу Лукьянову - человеку, который когда-то прислонился к геологии и стал в ней своим, от составителя. С глубоким уважением 04.05.95 г. И. Власюк" 
317 |5 63413507: КР-7861  |a Поступил в НТБ в 2023 г. в составе книжного собрания профессора В. Г. Лукьянова 
327 |a 1 лист вложений: письмо от составителя 
330 |a В сборник пошли стихи о первопроходцах - разведчиках недр, которые охватывают значительный период истории нашего Отечества - от первых пятилеток и до наших дней. Это стихи и профессиональных поэтов и поэтов - любителей, связавших свою судьбу с профессией геолога, о нелегком труде первооткрывателей, их рабочих буднях и быте лирических раздумьях. Сборник издан по инициативе Российского геологического общества при содействии "Роскомнедра". 
606 1 |a Русская литература современная  |2 stltpush  |3 (RuTPU)RU\TPU\subj\26373  |9 50316 
610 1 |a художественная литература 
610 1 |a 20 век 
610 1 |a поэзия 
610 1 |a стихи 
610 1 |a геология 
610 1 |a недра 
610 1 |a разведка 
610 1 |a дарственные надписи 
610 1 |a дары библиотеке 
610 1 |a Библиотека В. Г. Лукьянова 
675 |a Р2  |v 4 
702 1 |a Власюк  |b В. И.  |4 220 
801 0 |a RU  |b 63413507  |c 20240620  |g PSBO 
942 |c BK